000 00536nam a2200181Ia 4500
005 20250423100605.0
008 250422s9999 xx 000 0 und d
020 _a9781597842426
050 _aBP 178 .Y83/
100 _aYücel, Salih
245 0 _aPrayer and healing in Islam : with addendum of 25 remedies for the sick
260 _aNew Jersey
260 _bTughra Books
260 _c2010
300 _a164 p
650 _a Prayer --Islam. Medicine --Religious aspects --Islam. Spiritual healing.
942 _cBK
999 _c33766
_d33766